The customs union between Turkey and the EU (Record no. 225194)
[ view plain ]
| 000 -LEADER | |
|---|---|
| fixed length control field | 01244nam a2200313 a 4500 |
| 100 1# - MAIN ENTRY--AUTHOR NAME | |
| Personal name | Voigt, Susanne. |
| 245 14 - TITLE STATEMENT | |
| Title | The customs union between Turkey and the EU |
| 260 ## - PUBLICATION, DISTRIBUTION, ETC. (IMPRINT) | |
| Place of publication | Hamburg : |
| Name of publisher | Diplom.de, |
| Year of publication | 2008. |
| 300 ## - PHYSICAL DESCRIPTION | |
| Number of Pages | vii, 100 p. : |
| Other physical details | ill. (some col.), col. port. |
| 500 ## - GENERAL NOTE | |
| General note | Title from cover. |
| 650 #0 - SUBJECT ADDED ENTRY--TOPICAL TERM | |
| Topical Term | Customs unions |
| Topical Term | Customs unions |
| 856 40 - ELECTRONIC LOCATION AND ACCESS | |
| Uniform Resource Identifier | http://site.ebrary.com/lib/rucke/Doc?id=10483011 |
No items available.
